| 000 | 00667cam a2200217 a 4500 | ||
|---|---|---|---|
| 001 | 3103811 | ||
| 005 | 20250125162323.0 | ||
| 008 | 990415s2000 maua b 001 0 eng | ||
| 020 | _a0072315725 (softcover) | ||
| 050 | 0 | 0 |
_aHQ536 _b.L39 2000 |
| 082 | 0 | 0 |
_a306.8/0973 _221 |
| 100 | 1 | _aLauer, Robert H. | |
| 245 | 1 | 0 |
_aMarriage and family : _bthe quest for intimacy / _cRobert H. Lauer, Jeanette C. Lauer. |
| 250 | _a4th ed. | ||
| 260 |
_aBoston : _bMcGraw Hill, _cc2000. |
||
| 300 |
_axviii, 526 p. : _bill. (some col.) ; _c25 cm. |
||
| 650 | 0 |
_aMarriage _zUnited States. |
|
| 650 | 0 |
_aFamilies _zUnited States. |
|
| 700 | 1 | _aLauer, Jeanette C. | |
| 942 |
_2lcc _cBK _n0 |
||
| 999 |
_c3079 _d3079 |
||